Statistics for Rhode Island General Knowledge

Click here to take the quiz!

General Stats

  • This quiz has been taken 24 times
    (22 since last reset)
  • The average score is 7 of 15

Answer Stats

HintAnswer% Correct
Capital and largest city, known for historyProvidence
100%
State nickname: The _____ StateOcean
85%
Ivy League research university in ProvidenceBrown
85%
Second largest city in Rhode IslandWarwick
55%
Iconic Vanderbilt mansion in NewportThe Breakers
50%
Public walkway along the shore of NewportNewport Cliff Walk
45%
Major suburb of ProvidencePawtucket
45%
Small city on Aquidneck Island on the coastNewport
45%
Famous toy company HQed in PawtucketHasbro
45%
State park that occupies 464 acres near BristolColt
40%
Health care company HQed in WoonsocketCVS
35%
Public beach in Middletown, popular with touristsSachuset/Second
30%
Historic coastal village in the town of WesterlyWatch Hill
25%
State park, United States Army post in NewportFort Adams
10%
Award-winning sculpture in downtown ProvidenceWaterFire
5%

Score Distribution

Percentile by Number Answered

Percent of People with Each Score

Your Score History

You have not taken this quiz since the last reset